Score 0/17 Timer 05:00
1 Play Today
Clue Iron Word or Phrase % Correct
The alter ego of Tony StarkIron Man
97.4%
Period in human history beginning after 1000 BCEIron age
89.7%
English heavy metal band named after a medieval torture deviceIron Maiden
88.1%
Japanese cooking show originally hosted by Chairman KagaIron Chef
80.3%
Term for a cold war barrier popularized by Winston ChurchillIron Curtain
77.7%
Another name for an American football fieldgridiron
76.7%
An instrument to heat hair and produce ringletscurling iron
75%
Negative pressure ventilator often used for polio victims in the 40's and 50'siron lung
70.7%
German military decoration usually given for braveryIron Cross
61.3%
Clue Iron Word or Phrase % Correct
Nickname given to British Prime Minister Margaret ThatcherIron Lady
61.2%
1998 film starring Leonardo DiCaprio based on an Alexandre Dumas novelThe Man in the Iron Mask
60.6%
1999 animated film voiced by Jennifer Aniston, Harry Connick, Jr., and Vin DieselThe Iron Giant
58.5%
Actor who starred with Leonardo DiCaprio in the above film as AramisJeremy Irons
58.1%
Nickname given to Baseball's Lou Gehrig for his durability; slang for a trainThe Iron Horse
48.3%
TV show with a wheelchair-bound police detective played by Raymond BurrIronside
42.4%
US rock band known for the hit song 'In-A-Gadda-Da-Vida'Iron Butterfly
37.9%
Famed 1902 triangular skyscraper on 5th Avenue in NYCFlatiron Building
34.2%

You're not logged in!

Compare scores with friends on all Sporcle quizzes.
OR
Log In

Sporcle TV

Today on Sporcle TV


Watch our educational content, quiz creation guides, and fun videos on Sporcle TV.

Show Comments

Extras

Top Quizzes Today


Score Distribution

Paid Content

Your Account Isn't Verified!

In order to create a playlist on Sporcle, you need to verify the email address you used during registration. Go to your Sporcle Settings to finish the process.

Report this User

Report this user for behavior that violates our Community Guidelines.

Details: